Loading...

പാവപ്പെട്ടവരുടെ വേശ്യ /

Bibliographic Details
Main Author: ബഷീര്‍, വൈക്കം മുഹമ്മദ്
Other Authors: Basheer, Vaikkom Muhammad
Format: Printed Book
Language:English
Published: കോട്ടയം : ഡി.സി. ബുക്സ്, 1983(2014)
Edition:1st ed.
Subjects:
LEADER 00854nam a22001937a 4500
008 160202b xxu||||| |||| 00| 0 eng d
999 |c 13754  |d 13754 
020 |a 9788171304936 
082 |a 894.1301 BAS 
100 |a  ബഷീര്‍, വൈക്കം മുഹമ്മദ് 
240 |a Pavappettavarute veshya 
245 |a പാവപ്പെട്ടവരുടെ വേശ്യ /  |c വൈക്കം മുഹമ്മദ് ബഷീര്‍ 
250 |a 1st ed.  |b 15th imp. 
260 |a കോട്ടയം :  |b ഡി.സി. ബുക്സ്,  |c 1983(2014) 
300 |a 70p. 
650 |a Malayalam Stories 
700 |a Basheer, Vaikkom Muhammad 
942 |2 ddc  |c BK 
952 |0 0  |1 0  |2 ddc  |4 0  |6 894_130100000000000_BAS  |7 0  |9 19620  |a MAIN  |b MAIN  |d 2016-02-02  |e Current Books  |g 40.00  |l 10  |o 894.1301 BAS  |p 19833  |r 2019-12-03  |s 2019-12-03  |t 1  |w 2016-02-02  |y BK